1659 1795 1015 1529 1448 1364 1286 1281 1581 1107 1217 1736 1324 1542 1507 1191 1706 1879 1709 1640 1282 1942 1383 1220 1837 1005 1718 1060 1666 1066 1362 1339 1243 1788 1626 1109 1430 1476 1273 1777 1023 1164 1524 1783 1827 1362 1106 1255 1920 1303 1471 1454 1462 1715 1627 1846 1273 1392 1234 1987 1023 1250 1049 1480 1549 1515 1194 1921 1900 1392 1127 1177 1248 1198 1744 1545 1533 1898 1300 1552 1160 1869 1035 1011 1425 1462 1643 1953 1209 1375 1335 1721 1714 1451 1995 1863 1068 1510 1520 BCNSPRNW ULIB Ver.6.0+V

เปลี่ยนเป็นภาษาไทย

Change to English
 แสดงรายละเอียดบรรณานุกรม
  กลับหน้าหลัก

Brief Record : Get Marc (ISO 2709) : E-mail record : QR code < ปิดหน้าต่าง
LEADER : 00000nam 2200000uu 4500
001    13399121340
003     ULIB
008    121115s2549||||th 000 0 tha d
020    ^a9749660579
050  4 ^aT385^bว113ห
100 0  ^aวัฒนา ส่งสิงห์
245 10 ^aหัดตัดต่อวิดีโอง่าย ๆ ด้วย Ulead Video Studio 10 plus ฉบับมือใหม่ /^cวัฒนา ส่งสิงห์
250    ^aพิมพ์ครั้งที่ 1
260    ^aกรุงเทพฯ :^bไอดีซี อินโฟ ดิสทริบิวเตอร์ เซ็นเตอร์ ,^c2549
300    ^aix, 248 หน้า :^bภาพประกอบ +^eคอมแพกต์ดิสก์ 1 แผ่น
500    ^aมีคอมแพกต์ดิสก์ 1 แผ่น เก็บไว้ที่ห้องสื่อโสตเทคโนโลยีทางการศึกษา
650  7 ^aยูลีดวีดิโอสตูดิโอ 10 (โปรแกรมคอมพิวเตอร์)
650  7 ^aวีดิทัศน์^xการตัดต่อ^xโปรแกรมคอมพิวเตอร์
650  7 ^aวีดิทัศน์^xการประมวลผลข้อมูล
913    ^aImported by ULIBM Administrator
945    ^p179^l0^i16137
949    ^aImport form external file by ULIBM system
999    ^aวิภา
รายการนี้ยังไม่มีแท็ก
คุณยังไม่ได้ล็อกอิน คุณสามารถมีกิจกรรมร่วมกับเว็บไซต์ได้ แต่ต้องล็อกอินก่อน ::
  ล็อกอิน

รายการสื่อสารสนเทศ

ลำดับที่ ประเภท เลขเรียก/บาร์โค้ด สถานที่ สถานะ
1. การศึกษาทั่วไป
การศึกษาทั่วไป
T385 ว113ห  
  Barcode: 16137
ห้องสมุดวิทยาเขตนครสวรรค์
►หนังสือทั่วไป:l:General Books
บนชั้น

BibComment


ยังไม่เคยถูกคอมเมนท์

คอมเมนท์ทรัพยากรรายการนี้
  คอมเมนท์: หัดตัดต่อวิดีโอง..


 Copyright 2026. Bcnsprnw @Library